000
00307nam a22001337a 4500
008
181018b xxu||||| |||| 00| 0 eng d
020
_a
9780415945233
041
_a
eng
080
_2
2nd
_a
371
100
_a
46
101
_a
EDU
245
_a
The Curriculum Studies Reader
_c
Flinders, D.J
942
_2
udc
_c
BK
999
_c
50124
_d
50124